Arab Republic Countries - Statistics

General Stats
  • This quiz has been taken 50 times
  • The average score is 4 of 5
Answer Stats
Years Answer % Correct
Current Syrian Arab Republic
93%
Current Arab Republic of Egypt
88%
(1962–1990) Yemen Arab Republic
81%
(1969-1977) Libyan Arab Republic
70%
(1958–1971) United Arab Republic
70%
No matching quizzes found
Score Distribution
Percent of People with Each Score
Percentile by Number Answered
Your Score History
You have not taken this quiz